گنجينہء حکمت (Record no. 182856)

MARC details
000 -LEADER
fixed length control field 00668nam a22001937a 4500
005 - DATE AND TIME OF LATEST TRANSACTION
control field 20211208122848.0
010 ## - LCCN (DPL NO)
LC control number UR-11357
020 ## - INTERNATIONAL STANDARD BOOK NUMBER
Terms of availability 400.00
International Standard Book Number 9789390789702
035 ## - SYSTEM CONTROL NUMBER
System control number U-9912
037 ## - SOURCE OF ACQUISITION
Source of stock number/acquisition DBAD/PUB
082 ## - DEWEY DECIMAL CLASSIFICATION NUMBER
Classification number 841
100 ## - MAIN ENTRY--PERSONAL NAME
Personal name متر جم :ا ما ن ا للہ ا يم بی
245 ## - TITLE STATEMENT
Title گنجينہء حکمت
Statement of responsibility, etc متر جم :ا ما ن ا للہ ا يم بی
246 ## - VARYING FORM OF TITLE
Title proper/short title Ganjina-e-Hikmath (Urdu)
Remainder of title Translated by Amanullah M.B.
260 ## - PUBLICATION, DISTRIBUTION, ETC. (IMPRINT)
Place of publication, distribution, etc N.Delhi
Date of publication, distribution, etc 2021 ء
Name of publisher, distributor, etc Educational Publishing House
270 ## - ADDRESS
Address D1/16,Ansari Road,Darya Ganj,
City New Delhi
Postal code 110002
Fax number -
300 ## - PHYSICAL DESCRIPTION
Extent 284 ص
Dimensions 22 Cm(Hb)
942 ## - ADDED ENTRY ELEMENTS (KOHA)
Source of classification or shelving scheme Dewey Decimal Classification
Item type Urdu Bks
Classification part 841
Call number suffix ا م ا
Holdings
Withdrawn status Lost status Not for loan Collection code Home library Current library Date acquired Source of acquisition Cost, normal purchase price Full call number Barcode Copy number Cost, replacement price Koha item type
    Not For Loan Non-fiction D.B.Act.Division Central Library 08/12/2021 DBAD/PUB 400.00 841 ا م ا U-9912 1 400.00 Urdu Bks

© Delhi Public Library
Hit Counter
free hit counter